01725nam a2200349 a 4500001001200000003000800012006001900020007001500039008004100054020001800095020002700113040002100140035002100161050002400182111003700206245024100243260004900484300001700533490006200550490005100612504005100663505011500714533015200829650003300981655002901014700002101043700001801064710001701082830013101099856012601230999001901356ebr10518066CaPaEBRm u cr cn|||||||||120110s2011 ne sb 101 0 eng d z9789027248350 z9789027284129 (e-book) aCaPaEBRcCaPaEBR a(OCoLC)77428912514aPJ6073b.S96 2011eb2 aSymposium on Arabic Linguistics.10aPerspectives on Arabic linguisticsh[electronic resource] :bpapers from the annual Symposia on Arabic Linguistics. Volume XXII-XXIII, College Park, Maryland, 2008 and Milwaukee, Wisconsin, 2009 /cedited by Ellen Broselow, Hamid Ouali. aAmsterdam :bJohn Benjamins Pub. Co.,c2011. axxvi, 295 p.1 aCurrent issues in linguistic theory,x0304-0763 ;vv. 3170 aPerspectives on Arabic linguistics ;vv. 22-23 aIncludes bibliographical references and index.0 apt. 1. Phonetics & phonology -- pt. 2. Morphology & syntax -- pt. 3. Language acquisition, learning & contact. aElectronic reproduction.bPalo Alto, Calif. :cebrary,d2012.nAvailable via World Wide Web.nAccess may be limited to ebrary affiliated libraries. 0aArabic languagevCongresses. 7aElectronic books.2local1 aBroselow, Ellen.1 aOuali, Hamid.2 aebrary, Inc. 0aAmsterdam studies in the theory and history of linguistic science.nSeries IV,pCurrent issues in linguistic theory ;vv. 317.40uhttp://site.ebrary.com/lib/rucke/Doc?id=10518066zAn electronic book accessible through the World Wide Web; click to view c120843d120843